Historia y ciencias sociales 4º educación media: guía didáctica para el profesor. Incluye texto para el estudiante
I tiakina i:
| Ngā kaituhi matua: | , , , |
|---|---|
| Hōputu: | Pukapuka |
| Reo: | Pāniora |
| I whakaputaina: |
Santiago
Santillana del Pacífico
2009
|
| Ngā marau: | |
| Ngā Tūtohu: |
Tāpirihia he Tūtohu
Kāore He Tūtohu, Me noho koe te mea tuatahi ki te tūtohu i tēnei pūkete!
|
MARC
| LEADER | 00000nam a2200000 a 4500 | ||
|---|---|---|---|
| 001 | UCG4047 | ||
| 003 | CL-VaPUC | ||
| 008 | 101004e20090000CL |||||||||||||||||spa|d | ||
| 020 | |a 9789561514768 | ||
| 082 | 0 | 4 | |a 900.712 |b ITU |2 21 |
| 100 | |a Iturriaga Echeverría, Jorge |e author |9 553382 | ||
| 700 | |a Mancilla Vergara, Arturo Guillermo |e author |9 771866 | ||
| 700 | 0 | |a Reyes del Villar, Soledad |e author |9 553384 | |
| 700 | 0 | |a Fernández Labbe, Marcos |e author |9 553385 | |
| 245 | 1 | 0 | |a Historia y ciencias sociales 4º educación media: guía didáctica para el profesor. Incluye texto para el estudiante |
| 300 | |a 288 p | ||
| 942 | |c BK | ||
| 945 | |d 20101004 00:00:00 |a mfarfan | ||
| 260 | |a Santiago |b Santillana del Pacífico |c 2009 | ||
| 650 | 0 | |a Enseñanza de la historia |9 307330 | |
| 650 | 0 | |a Enseñanza de las ciencias sociales |9 337823 | |
| 650 | 0 | |a Libros de texto |9 270019 | |
| 583 | |a last modification |c 20180314 11:04:38 |k Rodrigo Vera | ||
| 999 | |c 342949 |d 342947 | ||
| 952 | |0 0 |1 0 |4 0 |6 900_712000000000000_ITU_2009 |7 0 |8 A |9 439671 |a BIBHIS |b BIBHIS |d 2019-11-22 |i 4722892 |o 900.712 ITU 2009 |p 4722892 |r 2025-01-20 |w 2019-11-22 |y BK |k HIS | ||
| 952 | |0 0 |1 0 |4 0 |6 900_712000000000000_ITU_2009 |7 0 |8 A |9 439672 |a BIBHIS |b BIBHIS |d 2019-11-22 |i 4722906 |o 900.712 ITU 2009 |p 4722906 |r 2025-01-20 |w 2019-11-22 |y BK |k HIS | ||
| 952 | |0 0 |1 0 |4 0 |6 900_712000000000000_ITU_2009 |7 0 |8 A |9 439673 |a BIBHIS |b BIBHIS |d 2019-11-22 |i 4722914 |o 900.712 ITU 2009 |p 4722914 |r 2025-01-20 |w 2019-11-22 |y BK |k HIS | ||
| 952 | |0 0 |1 0 |4 0 |6 900_712000000000000_ITU_2009 |7 0 |8 A |9 439674 |a BIBHIS |b BIBHIS |d 2019-11-22 |i 4722922 |o 900.712 ITU 2009 |p 4722922 |r 2025-01-20 |w 2019-11-22 |y BK |k HIS | ||
| 952 | |0 0 |1 0 |4 0 |6 900_712000000000000_ITU_2009 |7 0 |8 A |9 439675 |a BIBHIS |b BIBHIS |d 2019-11-22 |i 4722930 |o 900.712 ITU 2009 |p 4722930 |r 2025-01-20 |w 2019-11-22 |y BK |k HIS | ||
| 952 | |0 0 |1 0 |4 0 |6 900_712000000000000_ITU_2009 |7 0 |8 A |9 439676 |a BIBHIS |b BIBHIS |d 2019-11-22 |i 4722949 |o 900.712 ITU 2009 |p 4722949 |r 2025-01-20 |w 2019-11-22 |y BK |k HIS | ||
| 952 | |0 0 |1 0 |4 0 |6 900_712000000000000_ITU_2009 |7 0 |8 A |9 439677 |a BIBHIS |b BIBHIS |d 2019-11-22 |i 4739639 |o 900.712 ITU 2009 |p 4739639 |r 2025-01-20 |w 2019-11-22 |y BK |k HIS | ||
| 952 | |0 0 |1 0 |4 0 |6 900_712000000000000_ITU_2009 |7 0 |8 A |9 439678 |a BIBHIS |b BIBHIS |d 2019-11-22 |i 4739647 |o 900.712 ITU 2009 |p 4739647 |r 2025-01-20 |w 2019-11-22 |y BK |k HIS | ||
| 952 | |0 0 |1 0 |4 0 |6 900_712000000000000_ITU_2009 |7 0 |8 A |9 439679 |a BIBHIS |b BIBHIS |d 2019-11-22 |i 4739655 |o 900.712 ITU 2009 |p 4739655 |r 2025-01-20 |w 2019-11-22 |y BK |k HIS | ||
| 952 | |0 0 |1 0 |4 0 |6 900_712000000000000_ITU_2009 |7 0 |8 A |9 439680 |a BIBHIS |b BIBHIS |d 2019-11-22 |i 4739663 |o 900.712 ITU 2009 |p 4739663 |r 2025-01-20 |w 2019-11-22 |y BK |k HIS | ||
| 952 | |0 0 |1 0 |4 0 |6 900_712000000000000_ITU_2009 |7 0 |8 A |9 439681 |a BIBHIS |b BIBHIS |d 2019-11-22 |i 4739671 |o 900.712 ITU 2009 |p 4739671 |r 2025-01-20 |w 2019-11-22 |y BK |k HIS | ||
| 952 | |0 0 |1 0 |4 0 |6 900_712000000000000_ITU_2009 |7 0 |8 A |9 439682 |a BIBHIS |b BIBHIS |d 2019-11-22 |i 473968K |o 900.712 ITU 2009 |p 473968K |r 2025-01-20 |w 2019-11-22 |y BK |k HIS | ||
| 952 | |0 0 |1 0 |4 0 |6 900_712000000000000_ITU_2009 |7 0 |8 A |9 439683 |a BIBHIS |b BIBHIS |d 2019-11-22 |i 4739698 |o 900.712 ITU 2009 |p 4739698 |r 2025-01-20 |w 2019-11-22 |y BK |k HIS | ||